=LDR 00000nam 2200000 4500 =001 INLIS000000000001978 =005 20130612090344 =008 ***********************************Ind** =035 ##$$0010-061300000001978 =041 ##$$a Ind =082 ##$$a 720.095 981 3 =090 ##$$a 720.095 981 3, Sun a =100 ##$$a Sunarto PR =245 ##$$a Arsitektur tradisional Minangkabau selayang pandang, Soemarto PR, S.Sudyarto =260 ##$$a 1982 $b Jakarta =300 ##$$a viii, 144 hlm, ilus, 21 cm =650 ##$$a Arsitektur tradisional-Minang =700 ##$$a Sudiarto, S =850 ##$$a NBPNMAT